| 000 | 00843pam a2200289 a 4500 | ||
|---|---|---|---|
| 001 | 2806446 | ||
| 003 | OSt | ||
| 005 | 20140310184351.0 | ||
| 008 | 821028r19831921nyua j 000 0 eng | ||
| 010 | _a 82021667 | ||
| 020 | _a0590436848 | ||
| 040 |
_aDLC _cDLC _dDLC |
||
| 042 | _alcac | ||
| 043 | _ae-gr--- | ||
| 050 | 0 | 0 |
_aBL 820.A8 _b.C726 1921 |
| 100 | 1 |
_aColum, Padraic, _d1881-1972. _92898 |
|
| 245 | 1 | 4 |
_aThe golden fleece and the heroes who lived before Achilles / _cPadraic Colum ; illustrated by Willy Pogany. |
| 260 |
_aNew York : _bScholastic, _cc1949. |
||
| 300 |
_a316 p. : _bill. ; _c19 cm. |
||
| 521 | _aG8 | ||
| 526 | _c980 | ||
| 650 |
_aClassics _92808 |
||
| 700 | 1 |
_aPogány, Willy, _d1882-1955, _eill. _92899 |
|
| 906 |
_a7 _bcbc _corignew _d1 _eocip _f19 _gy-gencatlg |
||
| 942 |
_2lcc _cBK-SCHOLAS |
||
| 999 |
_c33942 _d33942 |
||